Leonard M. Thompson Int. Airport Destinations (Marsh Harbour, Bahamas) - Statistics

General Stats
  • This quiz has been taken 18 times
    9 since last reset
  • The average score is 5 of 7
Answer Stats
Airline Destination % Correct
American Eagle Miami
100%
Delta Connection Atlanta
88%
Bahamasair/WesternAir Nassau
88%
American Eagle Charlotte
75%
Silver Airways Fort Lauderdale
63%
Flamingo Air Freeport
63%
Bahamasair West Palm Beach
50%
No matching quizzes found
Score Distribution
Percent of People with Each Score
Percentile by Number Answered
Your Score History
You have not taken this quiz since the last reset